00880nam a2200277 i 450000100060000000300090000600500170001500700030003200800410003501700170007602000180009308000190011108000280013010000320015824500700019025000120026026000340027230000220030649000220032865100240035070000260037483000300040085200330043099900170046395201220048077880ES-MaACL20230906173429.0t|041112s1981 sp ||||1| spa d aB 39406-1981 a84-279-3867-5 a930.85(=982.1) a904(853.2 Machu Picchu)1 aSalentiny, Fernand.910187110aMachu Picchu / cFernand Salentiny ; [traducción, Ruth Zanner]. a1ª ed. aBarcelona : bNoguer, c1981. a208 p. ; c22 cm.1 aEl documento vivo 4aMachu Picchu.989381 aZanner, Ruth.91179790 aEl documento vivo9181645 aES-MaACLjE-10356 bR.134546 c77880d77880 00104070aATENEOMbATENEOMcDEPO2d2008-01-17eSCl0oE-10356p1081476r2023-02-23 00:00:00w2023-02-23yMONOGRAFIA